| 000 | 00927nab a2200229 i 4500 | ||
|---|---|---|---|
| 001 | 180795 | ||
| 003 | ES-MaACL | ||
| 005 | 20250902063116.0 | ||
| 008 | 120713s1913 sp 000 0 spa d | ||
| 100 | 1 |
_aCastellà, Isabel María del Carmen de Castellví y Gordón, _cCondesa del, _d1865-1949 _eaut _9242177 |
|
| 245 | 1 | 3 |
_aEl momento y la obra maestra de Isaac Albéniz / _cpor la condesa del Castellá |
| 300 | _aPáginas 1-15 | ||
| 594 | _aPrecede al título: Conferencias del Ateneo de Madrid | ||
| 599 | _aRetrato de la autora en portada | ||
| 600 | 1 | 7 |
_aAlbéniz, Isaac, _d1860-1909 _2embne _919261 |
| 610 | 2 | 4 |
_aAteneo de Madrid- _vConferencias- _y1900-1939 _91907 |
| 655 | 4 |
_aConferencias _9234444 |
|
| 773 | 0 |
_tLa Palabra : revista taquigráfica, _xISSN 2479-7723, _gN. 10 (15 mayo 1913), p. 1-15 _w2879 _02879 _92987 |
|
| 942 |
_cANAB _2udc _n0 |
||
| 999 |
_c180795 _d180795 |
||